THE LAST BATTLE : (Record no. 8195)

MARC details
000 -LEADER
fixed length control field 00934nam a22002177a 4500
003 - CONTROL NUMBER IDENTIFIER
control field OSt
005 - DATE AND TIME OF LATEST TRANSACTION
control field 20260203061209.0
008 - FIXED-LENGTH DATA ELEMENTS--GENERAL INFORMATION
fixed length control field 260203b |||||||| |||| 00| 0 eng d
020 ## - INTERNATIONAL STANDARD BOOK NUMBER
International Standard Book Number 0060234938
040 ## - CATALOGING SOURCE
Original cataloging agency DWCL GS lib
Transcribing agency OC
082 ## - DEWEY DECIMAL CLASSIFICATION NUMBER
Classification number F L674 1956
100 ## - MAIN ENTRY--PERSONAL NAME
Personal name LEWIS, C.S.
245 ## - TITLE STATEMENT
Title THE LAST BATTLE :
Remainder of title THE CHRONICLES OF NARNIA /
Statement of responsibility, etc. C.S. LEWIS
260 ## - PUBLICATION, DISTRIBUTION, ETC.
Place of publication, distribution, etc. New York
Name of publisher, distributor, etc. HarperCollinsPublishers
Date of publication, distribution, etc. c1956.
300 ## - PHYSICAL DESCRIPTION
Extent vii, 228 pages:
Other physical details illustrations ;
Dimensions 23cm.
520 ## - SUMMARY, ETC.
Summary, etc. The Last Battle by C.S. Lewis concludes the Chronicles of Narnia, chronicling the end of the world through a false Aslan deception orchestrated by an ape (Shift) using a donkey (Puzzle). King Tirian, assisted by Jill and Eustace, fights the Calormene invaders before Aslan brings the world to judgment, leading the faithful to the "True Narnia". <br/>
546 ## - LANGUAGE NOTE
Language note English
650 ## - SUBJECT ADDED ENTRY--TOPICAL TERM
Topical term or geographic name entry element Fantasy
700 ## - ADDED ENTRY--PERSONAL NAME
Personal name C.S. LEWIS
942 ## - ADDED ENTRY ELEMENTS (KOHA)
Source of classification or shelving scheme Dewey Decimal Classification
Koha item type Fiction
Classification part Fic.
Suppress in OPAC No
952 ## - LOCATION AND ITEM INFORMATION (KOHA)
--
Holdings
Withdrawn status Lost status Source of classification or shelving scheme Damaged status Not for loan Home library Current library Shelving location Date acquired Source of acquisition Cost, normal purchase price Total Checkouts Full call number Barcode Date last seen Copy number Price effective from Koha item type Uniform Resource Identifier
    Dewey Decimal Classification     Grade School Library Grade School Library Fiction 07/17/2025 School Fund, Donation 249.00   F L674 1956 23837 02/03/2026 c1 02/03/2026 FIC.